000 00703nam a2200241Ia 4500
001 dia_4206
003 CHAP
005 20251029165310.0
008 220117s1990 xx 000 0 und d
010 _a174846
040 _cCHAP
_amxchpua
_erda
090 _aFOLLETO 2707
100 _aFideicomisos instituidos en relación con la agricultura
_9139345
245 _aLos sujetos de crédito y sus principales características /
_c FIRA
260 _aMéxico :
_b FIRA,
_c1990
300 _a36 p.
500 _aC/e Anexos
650 _aCreditos
_9155739
901 _aFOLLETO 2707
902 _aM
905 _a0000001990 mx 0000000000spa00
942 _cFOLL
_2local
999 _c174846
_d174846